Music Makers (Record no. 1117980)

MARC details
000 -LEADER
fixed length control field 00619nam a2200229Ia 4500
003 - CONTROL NUMBER IDENTIFIER
control field OSt
005 - DATE AND TIME OF LATEST TRANSACTION
control field 20221006164639.0
008 - FIXED-LENGTH DATA ELEMENTS--GENERAL INFORMATION
fixed length control field 221006b |||||||| |||| 00| 0 eng d
037 ## - SOURCE OF ACQUISITION
Terms of availability Textual
040 ## - CATALOGING SOURCE
Original cataloging agency FML
Transcribing agency FML
Language of cataloging eng
041 ## - LANGUAGE CODE
Source of code eng
Language code of text/sound track or separate title eng
100 ## - MAIN ENTRY--PERSONAL NAME
Personal name Roy Ashok Au.
9 (RLIN) 678005
245 #0 - TITLE STATEMENT
Title Music Makers
Remainder of title Living Legends of Indian Classical Music
260 ## - PUBLICATION, DISTRIBUTION, ETC.
Place of publication, distribution, etc. New Delhi
Name of publisher, distributor, etc. Rupa & Co.
Date of publication, distribution, etc. 2004
300 ## - PHYSICAL DESCRIPTION
Extent 331
Dimensions cm.
942 ## - ADDED ENTRY ELEMENTS (KOHA)
Classification part NR44wx, P4
Koha item type Textual
Source of classification or shelving scheme Colon Classification (CC)
Holdings
Withdrawn status Lost status Source of classification or shelving scheme Damaged status Not for loan Home library Current library Date acquired Total Checkouts Full call number Barcode Date last seen Price effective from Koha item type
    Colon Classification (CC)     Department of Music Library Department of Music Library 2022-10-06   NR44wx P4 MU0013042 2022-10-06 2022-10-06 Textual
Copyright @ Delhi University Library System